000 00444nam a2200157Ia 4500
003 OSt
005 20200723135412.0
008 190216s9999||||xx |||||||||||||| ||und||
040 _coclc
082 _a954.035
_bSAR/M
100 _aSarkar, Sumit
_93021
245 0 _aModern India 1885-1947 /
_cSumit Sarkar
260 _bMacmillan,
_c1985.
_aMadras:
300 _a486p
942 _cBK
_2ddc
_h954.035
_iSAR/M
_k954.035
_mSAR/M
999 _c19972
_d19972